000 01104nam a22003257a 4500
003 CHAP
005 20220329134241.0
008 971013s1987 r 00010 d
010 _a17598
011 _a18570
035 _a22655
040 _cCHAP
090 _aTesis
100 0 0 _aCatalán Santos, Eduardo Juvencio.
_920479
245 _aEstudio de algunos factores que influyen en la producción de Pinus leiophylla Schl. et Cham, en vivero
260 _aChapingo, Méx. :
_bEl autor,
_c1987
300 _a97 h.
_b: ilus. ; gráfs.
502 _aTesis (Ing. Agr. Esp. en Bosques) -- UACH. División de Ciencias Forestales
590 _aALEPH
_b10
_c20130110
_lUCH01
_h1240
590 _aBATCH-UPD
_b10
_c20130110
_lUCH01
_h1701
590 _aBATCH-UPD
_b10
_c20130410
_lUCH01
_h1049
590 _aBATCH-UPD
_b10
_c20130914
_lUCH01
_h1853
590 _aCONVERSION
_b10
_c20130109
_lUCH01
_h1311
650 1 4 _aPináceas.
_988210
650 1 4 _aPinus leiophylla.
_988346
650 1 4 _aViveros forestales.
_9120100
901 _aBK
942 _cTESIS
949 _bBC
_cTES
_d-53035
_eTS1
_h19929
_i22655
_mD
_si
999 _c17598
_d17598